000 00689nam a2200289Ia 4500
005 20260324141934.0
008 008 260324s9999 xx 000 0 eng d
020 _a9780203633052
037 _aEBOOK
040 _aCRL
040 _beng
040 _cCRL
041 _2eng
041 _aeng
084 _qCRL
100 _aGertrud Robins; Paul Hartley
_91210080
245 0 _aManual of Business German
245 2 _bA Comprehensive Language Guide
260 _bTaylor and Francis
260 _c1996
365 _a
365 _b265
856 _uhttp://www.taylorfrancis.com/books/9780203633052
942 _cEBOOK
999 _c1813707
_d1813707